Advances in plasma physics (Record no. 3563)

MARC details
000 -LEADER
fixed length control field 00688nam a2200217Ia 4500
003 - CONTROL NUMBER IDENTIFIER
control field IN-BaIIA
008 - FIXED-LENGTH DATA ELEMENTS--GENERAL INFORMATION
fixed length control field 211028s9999 xx 000 0 eng d
020 ## - INTERNATIONAL STANDARD BOOK NUMBER
International Standard Book Number 471-79203-9
040 ## - CATALOGING SOURCE
Transcribing agency IIA Library
080 ## - UNIVERSAL DECIMAL CLASSIFICATION NUMBER
Universal Decimal Classification number 533
Item number ADV-3
245 #0 - TITLE STATEMENT
Title Advances in plasma physics
Remainder of title vol. 3
Statement of responsibility, etc. edited by Albert Simon and William B. Thompson
260 ## - PUBLICATION, DISTRIBUTION, ETC.
Place of publication, distribution, etc. New York
Name of publisher, distributor, etc. Wiley
Date of publication, distribution, etc. 1969
300 ## - PHYSICAL DESCRIPTION
Extent vii, 248p.
490 ## - SERIES STATEMENT
Series statement Interscience series
650 ## - SUBJECT ADDED ENTRY--TOPICAL TERM
Topical term or geographic name entry element Astronomy and astrophysics thesaurus
650 ## - SUBJECT ADDED ENTRY--TOPICAL TERM
Topical term or geographic name entry element Plasma physics
9 (RLIN) 3732
650 ## - SUBJECT ADDED ENTRY--TOPICAL TERM
Topical term or geographic name entry element Plasmas
9 (RLIN) 1898
700 ## - ADDED ENTRY--PERSONAL NAME
Personal name Thompson, William B., ed.
9 (RLIN) 6305
700 ## - ADDED ENTRY--PERSONAL NAME
Personal name Thompson, William B., ed.
9 (RLIN) 6305
942 ## - ADDED ENTRY ELEMENTS (KOHA)
Koha item type Books
Holdings
Withdrawn status Lost status Damaged status Not for loan Home library Current library Shelving location Date acquired Cost, normal purchase price Total Checkouts Full call number Barcode Date last seen Cost, replacement price Price effective from Koha item type Purchase Price
        IIA Library-Bangalore IIA Library-Bangalore General Stacks 28/07/1970 107.64   533/ ADV-3 3978 05/11/2021 107.64 28/07/1970 Books Rs. 107.64

Powered by Koha